Effectif 2023/2024 par Images - Liverpool FC - Statistiques

Statistiques générales
  • Ce quiz a été pris 162 fois
  • Le résultat moyen est 19 sur 24
Statistiques - réponses
Par images Réponse % Correct
Alisson Becker
99%
Ibrahima Konaté
98%
Virgil Van Dijk
97%
Trent Alexander-Arnold
95%
Andrew Robertson
94%
Mohamed Salah
94%
Darwin Núñez
93%
Alexis Mac Allister
91%
Joe Gomez
91%
Luis Díaz
91%
Joel Matip
86%
Diogo Jota
85%
Harvey Elliott
85%
Cody Gakpo
83%
Wataru Endo
82%
Kostas Tsimikas
79%
Dominik Szoboszlai
78%
Curtis Jones
76%
Ryan Gravenberch
76%
Caoimhín Kelleher
70%
Jarell Quansah
60%
Conor Bradley
57%
Bobby Clark
25%
James McConell
9%
Aucun quiz correspondant
Distribution des résultats
% des personnes avec chaque résultat
Percentile par nombre de réponses
Votre historique - résultats
Vous n’avez pas pris ce quiz